01045nam a2200205Ia 4500008004100000020001500041041001200056082001100068100001900079245007300098260002500171300000800196650000800204700001500212942000700227999001500234952019600249952019700445952019700642221030s9999 xx 000 0 und d a007061220X aEnglish a105.23 aM. K. Achuthan 0aFundamentals of Semiconductor Devicescby M. K. Achuthan, K. N. Bhat bTMHaNew Delhic2009 a724 aECE aK. N. Bhat cBK c8927d8927 pBE 10509g350.00i85l0o105.23 eDurga Books, Amritsarr2024-06-13 00:00:00w2022-10-30yBK003Print4071aMIETLIBbMIETLIBcBL-Academic Block B, FL-1, CUP-76, SH-5, R-5d2010-03-0310HBE pBE 10510g350.00i85l0o105.23 eDurga Books, Amritsarr2024-06-13 00:00:00w2022-10-30yBK003Print4070aMIETLIBbMIETLIBcBL-Academic Block A, FL-1, CUP-121, SH-2, R-2d2010-03-0310HBE pBE 10511g350.00i85l0o105.23 eDurga Books, Amritsarr2024-06-13 00:00:00w2022-10-30yBK003Print4070aMIETLIBbMIETLIBcBL-Academic Block A, FL-1, CUP-121, SH-2, R-2d2010-03-0310HBE